Evolución de la administración pública chilena (1818-1968)

Gardado en:
Detalles Bibliográficos
Autor Principal: Urzúa Valenzuela, Germán (autor)
Outros autores: Cumplido Cereceda, Francisco (advertencia preliminar)
Formato: Libro
Idioma:Lingua castelá
Publicado: Santiago, Chile: Jurídica de Chile, 1970
Series:Publicaciones del Instituto de Ciencias Políticas y Administrativas de la Facultad de Ciencias Jurídicas y Sociales de la Universidad de Chile
Subjects:
Tags: Engadir etiqueta
Sen Etiquetas, Sexa o primeiro en etiquetar este rexistro!

MARC

LEADER 00000nam a2200000 a 4500
001 UCK3578
003 CL-VaPUC
005 20240410164449.0
008 050429e19700000CL |||||||||||||||||spa|d
999 |c 312705  |d 312703 
040 |c Pontificia Universidad Católica de Valparaíso 
082 0 4 |a 342.8306 URZ 1970  |2 21 
100 0 |a Urzúa Valenzuela, Germán  |e autor  |9 491675 
245 1 0 |a Evolución de la administración pública chilena (1818-1968) 
260 |a Santiago, Chile:  |b Jurídica de Chile,  |c 1970 
300 |a 277 páginas 
490 |a Publicaciones del Instituto de Ciencias Políticas y Administrativas de la Facultad de Ciencias Jurídicas y Sociales de la Universidad de Chile 
500 |a c.5 Donación Familia Prof. Alejandro Guzmán Brito. 
583 |a last modification  |c 20050429 00:00:00  |k Rodrigo Vera 
650 0 |a Derecho administrativo  |9 254851 
650 0 |a Administración pública   |9 255343 
650 0 |a Historia del derecho  |9 255109 
650 0 |a Servicios públicos  |9 328528 
650 0 |a Estado  |9 255503 
650 0 |a Poder ejecutivo  |9 255177 
651 7 |a Chile  |2 CL-VaPUC  |9 491676 
700 |a Cumplido Cereceda, Francisco  |e advertencia preliminar  |9 869317 
942 |c BK  |2 ddc  |n 0 
945 |d 20050429 00:00:00  |a cmena 
952 |0 0  |1 0  |4 0  |6 342_060000000000000_URZ_1970  |7 0  |8 DER_HDC  |9 283085  |a BIBDER  |b BIBDER  |d 2019-11-19  |i 1892614  |o 342.06 URZ 1970  |p 1892614  |r 2023-01-25  |w 2019-11-19  |x Ubicación 4to Piso  |y BK  |z Estos recursos deben solicitarse con anticipación  |k DER 
952 |0 0  |1 0  |4 0  |6 342_060000000000000_URZ_1970  |7 0  |8 X  |9 283086  |a FDOBUD  |b FDOBUD  |d 2019-11-19  |i 455583K  |o 342.06 URZ 1970  |p 455583K  |r 2019-11-19  |w 2019-11-19  |y BK_X  |k BUD 
952 |0 0  |1 0  |4 0  |6 342_830600000000000_URZ_1970  |7 0  |8 A  |9 383381  |a BIBDER  |b BIBDER  |d 2019-11-21  |i 4118227  |l 1  |o 342.8306 URZ 1970  |p 4118227  |r 2023-01-25  |s 2022-06-09  |w 2019-11-21  |y BK  |k DER